[Event "HUN-chT2 Erkel 1112"]
[Site "Hungary"]
[Date "2011.11.27"]
[Round "4.12"]
[White "Suhajda, Attila"]
[Black "Bege, Aron"]
[Result "1/2-1/2"]
[WhiteElo "1921"]
[BlackElo "1819"]
[PlyCount "34"]
[EventDate "2011.09.25"]
[EventType "team-tourn"]
[EventRounds "11"]
[EventCountry "HUN"]
[SourceTitle "EXT 2013"]
[Source "ChessBase"]
[SourceDate "2012.11.22"]
[SourceVersion "1"]
[SourceVersionDate "2012.11.22"]
[SourceQuality "1"]
[WhiteTeam "Sarkany"]
[BlackTeam "Dunaharaszti"]
[WhiteTeamCountry "HUN"]
[BlackTeamCountry "HUN"]

1. e4 c5 2. Nf3 d6 3. d4 cxd4 4. Nxd4 Nf6 5. Nc3 g6 6. Be3 Bg7 7. f3 0-0 8. Qd2 Nc6 9. 0-0-0 d5 10. Kb1 Nxd4 11. e5 Nd7 12. Bxd4 Nxe5 13. f4 Nc4 14. Bxc4 dxc4 15. Qe3 Qa5 16. Bxg7 Kxg7 17. Nd5 Bg4 1/2-1/2

[Event "HUN-chT U18"]
[Site "Miskolc"]
[Date "2011.11.06"]
[Round "8.2"]
[White "Ujhazi, Mihaly"]
[Black "Bege, Aron"]
[Result "1/2-1/2"]
[WhiteElo "2094"]
[BlackElo "1830"]
[PlyCount "52"]
[EventDate "2011.11.02"]
[EventType "team-swiss"]
[EventRounds "8"]
[EventCountry "HUN"]
[SourceTitle "EXT 2012"]
[Source "ChessBase"]
[SourceDate "2011.11.24"]
[SourceVersion "1"]
[SourceVersionDate "2011.11.24"]
[SourceQuality "1"]
[WhiteTeam "Maroczy"]
[BlackTeam "Dunaharaszti"]
[WhiteTeamCountry "HUN"]
[BlackTeamCountry "HUN"]

1. Nf3 Nf6 2. g3 g6 3. Bg2 Bg7 4. 0-0 0-0 5. c4 d6 6. Nc3 c5 7. b3 Nc6 8. Bb2 Rb8 9. d4 Nd7 10. d5 Nce5 11. Nh4 b5 12. cxb5 a6 13. a4 Qa5 14. Qc2 c4 15. b4 Qxb4 16. Rfb1 Qa5 17. Ne4 Bb7 18. Nd2 c3 19. Qxc3 Qxc3 20. Bxc3 Nf3+ 21. Nhxf3 Bxc3 22. Ra3 Bg7 23. Ne1 Rfc8 24. e4 Rc5 25. Bf1 Bc8 26. b6 Rxb6 1/2-1/2

[Event "HUN-chT U18"]
[Site "Miskolc"]
[Date "2011.11.04"]
[Round "5.2"]
[White "Bege, Aron"]
[Black "Kemendi, Daniel"]
[Result "1/2-1/2"]
[WhiteElo "1830"]
[BlackElo "1747"]
[PlyCount "50"]
[EventDate "2011.11.02"]
[EventType "team-swiss"]
[EventRounds "8"]
[EventCountry "HUN"]
[SourceTitle "EXT 2012"]
[Source "ChessBase"]
[SourceDate "2011.11.24"]
[SourceVersion "1"]
[SourceVersionDate "2011.11.24"]
[SourceQuality "1"]
[WhiteTeam "Dunaharaszti"]
[BlackTeam "Miskolc EMSE"]
[WhiteTeamCountry "HUN"]
[BlackTeamCountry "HUN"]

1. e4 c6 2. d4 d5 3. Nc3 dxe4 4. Nxe4 Bf5 5. Ng3 Bg6 6. h4 h6 7. Nf3 Nd7 8. h5 Bh7 9. Bd3 Bxd3 10. Qxd3 e6 11. Bf4 Qb6 12. 0-0-0 0-0-0 13. Ne4 Ngf6 14. Nd6+ Bxd6 15. Bxd6 Qa5 16. Qa3 Qxa3 17. Bxa3 Rhe8 18. Nd2 Nb6 19. c3 Rd5 20. Nf3 Nc4 21. Bb4 a5 22. b3 Nb6 23. Ba3 Nbd7 24. Nd2 b5 25. f3 Nb6 1/2-1/2

[Event "HUN-ch U14"]
[Site "Celldoemoelk"]
[Date "2011.07.02"]
[Round "8"]
[White "Kiss, Balint"]
[Black "Bege, Aron"]
[Result "0-1"]
[WhiteElo "1732"]
[BlackElo "1775"]
[PlyCount "72"]
[EventDate "2011.06.27"]
[EventType "swiss"]
[EventRounds "9"]
[EventCountry "HUN"]
[SourceTitle "EXT 2012"]
[Source "ChessBase"]
[SourceDate "2011.11.24"]
[SourceVersion "1"]
[SourceVersionDate "2011.11.24"]
[SourceQuality "1"]

1. e4 c5 2. Nf3 d6 3. d4 cxd4 4. Nxd4 Nf6 5. Nc3 g6 6. Be3 Bg7 7. f3 0-0 8. Qd2 Nc6 9. 0-0-0 d5 10. Nxc6 bxc6 11. exd5 Nxd5 12. Nxd5 cxd5 13. Qxd5 Qc7 14. Qc5 Qb7 15. Qa3 Rb8 16. c3 Bf5 17. Ba6 Qc7 18. Bd3 Be6 19. g3 Bd5 20. Rhf1 Qc6 21. f4 Rfc8 22. Bc2 Rxb2 23. Qxb2 Bxc3 24. Qb1 Qa6 25. a4 Qc4 26. Rd3 Be4 27. Kd1 Ba5 28. Bd2 Bb6 29. Re1 Bxd3 30. Bxd3 Qxa4+ 31. Ke2 Qc6 32. Be3 Qg2+ 33. Kd1 Qf3+ 34. Re2 Bxe3 35. Bc2 Qd5+ 36. Ke1 Qh1# 0-1

[Event "HUN-ch U14"]
[Site "Celldoemoelk"]
[Date "2011.07.01"]
[Round "7"]
[White "Bege, Aron"]
[Black "Kaczur, Florian"]
[Result "0-1"]
[WhiteElo "1775"]
[BlackElo "2101"]
[PlyCount "46"]
[EventDate "2011.06.27"]
[EventType "swiss"]
[EventRounds "9"]
[EventCountry "HUN"]
[SourceTitle "EXT 2012"]
[Source "ChessBase"]
[SourceDate "2011.11.24"]
[SourceVersion "1"]
[SourceVersionDate "2011.11.24"]
[SourceQuality "1"]

1. e4 c5 2. Nf3 Nc6 3. d4 cxd4 4. Nxd4 Qb6 5. Nb3 Nf6 6. Nc3 e6 7. Be3 Qc7 8. Bd3 a6 9. 0-0 Be7 10. f4 d6 11. Kh1 b5 12. a3 Bb7 13. Nd4 0-0 14. g4 Nxd4 15. Bxd4 e5 16. Be3 d5 17. exd5 Nxd5 18. Nxd5 Bxd5+ 19. Kg1 exf4 20. Bf2 Bb7 21. Re1 Bf6 22. c3 Rfe8 23. Qc2 Qc6 0-1

[Event "HUN-ch U14"]
[Site "Celldoemoelk"]
[Date "2011.06.30"]
[Round "5"]
[White "Bege, Aron"]
[Black "Grimm, Gyorgy"]
[Result "1/2-1/2"]
[WhiteElo "1775"]
[BlackElo "1817"]
[PlyCount "54"]
[EventDate "2011.06.27"]
[EventType "swiss"]
[EventRounds "9"]
[EventCountry "HUN"]
[SourceTitle "EXT 2012"]
[Source "ChessBase"]
[SourceDate "2011.11.24"]
[SourceVersion "1"]
[SourceVersionDate "2011.11.24"]
[SourceQuality "1"]

1. e4 d5 2. exd5 Qxd5 3. d4 c6 4. c4 Qd6 5. Nc3 Nf6 6. g3 Bg4 7. Qd3 e6 8. Bf4 Qb4 9. a3 Qa5 10. Nge2 Bf5 11. Qd1 Be7 12. Bg2 0-0 13. b4 Qd8 14. Qb3 Bd6 15. Rd1 Bxf4 16. Nxf4 Qc7 17. Nd3 Rd8 18. Ne5 Nbd7 19. f4 Ng4 20. Ne2 Bc2 21. Qxc2 Ne3 22. Qe4 Nxd1 23. Kxd1 Nxe5 24. Qxe5 Qb6 25. Kc2 Rac8 26. Kb3 Qa6 27. Nc3 Qb6 1/2-1/2

[Event "HUN-ch U14"]
[Site "Celldoemoelk"]
[Date "2011.06.29"]
[Round "4"]
[White "Marton, Benedek"]
[Black "Bege, Aron"]
[Result "0-1"]
[WhiteElo "1429"]
[BlackElo "1775"]
[PlyCount "50"]
[EventDate "2011.06.27"]
[EventType "swiss"]
[EventRounds "9"]
[EventCountry "HUN"]
[SourceTitle "EXT 2012"]
[Source "ChessBase"]
[SourceDate "2011.11.24"]
[SourceVersion "1"]
[SourceVersionDate "2011.11.24"]
[SourceQuality "1"]

1. e4 c5 2. Nf3 d6 3. d4 cxd4 4. Nxd4 Nf6 5. Nc3 g6 6. Be2 Bg7 7. 0-0 Bd7 8. Bg5 Nc6 9. Nb3 0-0 10. Kh1 Qc8 11. h3 Re8 12. f4 h6 13. Bh4 a6 14. a4 Be6 15. Nd4 Nxd4 16. Qxd4 Bxh3 17. Bxf6 Bxf6 18. e5 dxe5 19. fxe5 Bg5 20. Bd3 Rd8 21. Qf2 Be6 22. Ne4 Kg7 23. Nxg5 hxg5 24. Qg3 Qc5 25. Qxg5 Rh8+ 0-1